Quá trình nhất thể hóa Liên minh châu Âu và một số kinh nghiệm cho việc xây dựng cộng đồng chung ASEAN vào năm 2015 /
Wedi'i Gadw mewn:
| Prif Awdur: | |
|---|---|
| Fformat: | Erthygl |
| Iaith: | Vietnamese |
| Pynciau: | |
| Tagiau: |
Ychwanegu Tag
Dim Tagiau, Byddwch y cyntaf i dagio'r cofnod hwn!
|
| Thư viện lưu trữ: | Thư viện Trường Đại học Đà Lạt |
|---|
| LEADER | 00812nam a2200253 4500 | ||
|---|---|---|---|
| 001 | DLU170179574 | ||
| 005 | ##20170411 | ||
| 040 | # | # | |a DLU |b vie |
| 041 | # | # | |a vie |
| 044 | # | # | |a vn |
| 100 | # | # | |a Đỗ Mai Lan. |
| 245 | # | # | |a Quá trình nhất thể hóa Liên minh châu Âu và một số kinh nghiệm cho việc xây dựng cộng đồng chung ASEAN vào năm 2015 / |c Đỗ Mai Lan. |
| 653 | # | # | |a ASEAN |
| 653 | # | # | |a Kinh nghiệm |
| 653 | # | # | |a Liên minh châu Âu |
| 773 | # | # | |t Nghiên cứu quốc tế |g Số 4(83), 2010, tr.75-96 |
| 920 | # | # | |a Phòng Tạp chí -- Trung tâm Thông tin - Thư viện Trường Đại học Đà Lạt |
| 900 | # | # | |a True |
| 911 | # | # | |a Nguyễn Thị Thu Phương |
| 925 | # | # | |a G |
| 926 | # | # | |a A |
| 927 | # | # | |a BB |
| 980 | # | # | |a Thư viện Trường Đại học Đà Lạt |